000 00506nam a2200205Ia 4500
005 20240823054008.0
008 240823s9999||||xx |||||||||||||| ||und||
020 _a978-93-8142-640-0
041 _aENGLISH
082 _A332 Q4
100 _aGordon E
245 0 _aFinancial Markets and Services
250 _a9th
260 _c2014
_b"Himalaya Publishing House, M"
500 _aYES
650 _aFinancial Markets
_bManagement Studies
700 _a Natarjan K
942 _cBK
999 _c225430
_d225430